Ako byť šťastným, alebo pracujme preto, aby sme boli šťastnejší

Historický pohľad na sociálno-ekonomický vývoj spoločnosti.

Salvato in:
Dettagli Bibliografici
Autore principale: Bláhová, Mária
Natura: Capitolo di libro
Lingua:slovacco
Soggetti:
Tags: Aggiungi Tag
Nessun Tag, puoi essere il primo ad aggiungerne!!

MARC

LEADER 00000nla$a2200000$$$4500
001 0051090
005 20240502071607.9
041 0 |a slo 
044 |a SK 
245 1 0 |a Ako byť šťastným, alebo pracujme preto, aby sme boli šťastnejší  |c Mária Bláhová 
520 |a Historický pohľad na sociálno-ekonomický vývoj spoločnosti. 
610 2 0 |a úroveň rozvoja hospodárskeho 
610 2 0 |a úroveň životná 
610 2 0 |a vývoj spoločenský 
610 2 0 |a história 
100 1 |a Bláhová, Mária